Normal view
MARC view
Entry Personal Name
001 - CONTROL NUMBER
- control field: 21076
003 - CONTROL NUMBER IDENTIFIER
- control field: ARRUPE
005 - DATE AND TIME OF LATEST TRANSACTION
- control field: 20151112114822.0
008 - FIXED-LENGTH DATA ELEMENTS
- fixed length control field: 151112|| aca||aabn | a|a d
040 ## - CATALOGING SOURCE
- Original cataloging agency: ARRUPE
- Transcribing agency: ARRUPE
100 ## - HEADING--PERSONAL NAME
- Personal name: Thomas,
- Titles and other words associated with a name: Aquinas, Saint,
- Dates associated with a name: 1225?-1274.
- Title of a work: De ente et essentia.
670 ## - SOURCE DATA FOUND
- Source citation: Work cat.: (ARRUPE)0: Kerr, Gaven. 21075, Aquinas's way to God :